Alexander Popov, inventor of radio / (Record no. 27829)
[ view plain ]
| 000 -LEADER | |
|---|---|
| fixed length control field | 00736nam a2200253 a 4500 |
| 001 - CONTROL NUMBER | |
| control field | 27829 |
| 003 - CONTROL NUMBER IDENTIFIER | |
| rucl marc code | BD-RjUL |
| 005 - DATE AND TIME OF LATEST TRANSACTION | |
| control field | 20211209051216.0 |
| 008 - FIXED-LENGTH DATA ELEMENTS--GENERAL INFORMATION | |
| fixed length control field | 140327s1957 ru c 000 0 eng d |
| 035 ## - SYSTEM CONTROL NUMBER | |
| System control number | (BD-RjUL)27908 |
| System control number | (OCoLC)2624936 |
| 040 ## - CATALOGING SOURCE | |
| Original cataloging agency | CCC |
| Transcribing agency | CCC |
| Modifying agency | BD-RjUL |
| Language of cataloging | eng |
| 041 ## - LANGUAGE CODE | |
| Language code of text/sound track or separate title | eng |
| 082 04 - DEWEY DECIMAL CLASSIFICATION NUMBER | |
| Author mark and year | RAA 1957 |
| Classification number | 621.384 |
| 100 1# - MAIN ENTRY--PERSONAL NAME | |
| Personal name | Radovsky, M. |
| 9 (RLIN) | 85421 |
| 245 10 - TITLE STATEMENT | |
| Title | Alexander Popov, inventor of radio / |
| Statement of responsibility, etc. | M. Radovsky. |
| 260 ## - PUBLICATION, DISTRIBUTION, ETC. (IMPRINT) | |
| Place of publication, distribution, etc. | Moscow : |
| Name of publisher, distributor, etc. | Foreign Language Pub. House, |
| Date of publication, distribution, etc. | 1957. |
| 300 ## - PHYSICAL DESCRIPTION | |
| Pagination | 129 p. : |
| Illustrations | ill., ports. ; |
| Size | 20 cm. |
| 490 ## - SERIES STATEMENT | |
| Series statement | Men of Russian science |
| 600 10 - SUBJECT ADDED ENTRY--PERSONAL NAME | |
| Personal name | Popov, Aleksandr Stepanovich, |
| Dates associated with a name | 1859-1906. |
| 942 ## - ADDED ENTRY ELEMENTS (KOHA) | |
| Source of classification or shelving scheme | Dewey Decimal Classification |
| Koha item type | Books |
| Lost status | Source of classification or shelving scheme | Damaged status | Not for loan | Collection code | Permanent Location | Current Location | Shelving location | Date acquired | Source of acquisition | Total Checkouts | Full call number | Date last seen | Copy number | Koha item type |
|---|---|---|---|---|---|---|---|---|---|---|---|---|---|---|
| Dewey Decimal Classification | Added to bundle | Non-fiction | Central Library, University of Rajshahi | Central Library, University of Rajshahi | Reading Room | 24/09/1958 | U. S. S. Q. Council | 621.384 RAA 1957 | 27/03/2014 | C-1 | Books |